000 00832nam a22002177a 4500
999 _c18839
_d18839
003 AR-CdUCM
008 190514b ||||| |||| 00| 0 spa d
040 _aMUNICIPALIDAD PROVINCIAL DEL CUSCO
_cBIBLIOTECA MUNICIPAL DEL CUSCO
082 _a930 /
_bOL44
100 _aOliva, P.
_939691
245 _aHistoria de los griegos /
260 _aBuenos Aires :
_bCartago,
_c1966.
300 _a187 paginas ;
_c20 cm.
_bIlustraciones, graficos, dibujos,
505 _aContenido : Nombres y conceptos de la filosofía -- El problema de la historia de la filosofía -- La división de la filosofía y de su historia...
650 _aHistoria de la filosofía
_97367
650 _aLo pragmático
_939123
650 _aDoctrinas
_919990
700 _aBorecky, B. ( otro autor )
_939692
942 _2ddc
_cLIBROS
945 _apjha
_d2019-05-15